00361naa a2200133 a 450000100080000000500110000800800410001910000250006024500340008526000090011965300110012865300110013977300770015010395472005-09-13 1979 bl uuuu u00u1 u #d1 aTAVARES, C. C. de P. aBatatabprecos mais elevados. c1979 aBatata aPrecos tInforme Agropecuario, Belo Horizontegv. 5, n. 53, p. 22-24, maio, 1979.